[Event "Oberliga NRW 9798 II"]
[Site "Germany"]
[Date "1998.??.??"]
[Round "5.2"]
[White "Hater, Wolfgang"]
[Black "Hogenacker, Jacques"]
[Result "0-1"]
[WhiteElo "2112"]
[BlackElo "2295"]
[PlyCount "68"]
[EventDate "1997.10.??"]
[EventType "team"]
[EventRounds "9"]
[EventCountry "GER"]
[SourceTitle "EXT 1999"]
[Source "ChessBase"]
[SourceDate "1998.11.16"]
[SourceVersion "1"]
[SourceVersionDate "1998.11.16"]
[SourceQuality "1"]
[WhiteTeam "Suedlohn"]
[BlackTeam "Koeln KKS"]
[WhiteTeamCountry "GER"]
[BlackTeamCountry "GER"]

1. e4 e6 2. d4 d5 3. e5 c5 4. Qg4 Nc6 5. Nf3 f5 6. Qg3 Qa5+ 7. c3 Nxd4 8. Nxd4 cxd4 9. Be2 dxc3 10. bxc3 Bd7 11. a4 Rc8 12. 0-0 Kf7 13. c4 d4 14. Rd1 Ne7 15. Rxd4 Bc6 16. Nc3 Ng6 17. Bh5 Bc5 18. Rd1 Rhd8 19. Bg5 Rxd1+ 20. Rxd1 Kg8 21. h4 Bb4 22. Nb5 Qxa4 23. Nd6 Rf8 24. Kh2 Qa5 25. Bxg6 hxg6 26. h5 f4 27. Bxf4 Bc3 28. hxg6 Rxf4 29. Qh3 Qxe5 30. Qh7+ Kf8 31. Qh8+ Ke7 32. Nf5+ Rxf5+ 33. Kg1 Bd4 34. Qh4+ Qf6 0-1